Análisis de orina : (Registro nro. 12658)

Detalles MARC
000 -CABECERA
Longitud fija campo de control 01265nam a2200181 a 4500
003 - • IDENTIFICADOR DELl NÚMERO DE CONTROL
Identificador del número de control CO-ViMGA
008 - • CÓDIGOS DE INFORMACIÓN DE LONGITUD FIJA
Códigos de información de longitud fija 141112s2004 ck r 000 u spa d
040 ## - FUENTE DE LA CATALOGACIÓN
Centro catalogador de origen CO-ViMGA
Lengua de catalogación spa
Centro transcriptor CO-ViMGA
082 04 - • NÚMERO DE LA CLASIFICACIÓN DECIMAL DEWEY
Número de clasificación (R) 616.07566 A733
100 1# - • PUNTO DE ACCESO PRINCIPAL-NOMBRE DE PERSONA
Nombre de persona Argeri, Nelson Jorge
245 10 - • TITULO PROPIAMENTE DICHO
Título Análisis de orina :
Resto del título fundamentos y práctica /
Mención de responsabilidad, etc. Jorge Argeri Nelson , Lopardo Horacio Ángel
300 ## - • DESCRIPCIÓN FÍSICA
Extensión 224 p : il
505 ## - • NOTA DE CONTENIDO CON FORMATO
Nota de contenido con formato Elementos básicos de embriología y anatomía renal Sistemas de transporte celular; Sustancias orgánicas e inorgánicas 13 - - Importancia fundamental de la colección de la muestra destinada al análisis de orina 21 - - El análisis de rutina de la orina Fundamentos, interpretación; y Tecnicas de las principales pruebas de laboratorio 25 - - Tecnicas que no forman parte del análisis de rutina de la orina 81 - - Pruebas de funcionalismo renal Interpretación clínica. Tecnicas 115 - - Los cálculos urinarios 133 - - Los grandes síndromes en patología renal 141 - - Las proteínas urinarias 149 - - El diagnóstico microbiológico de la infección urinaria 163 - - La orina en el diagnóstico del embarazo 197
650 14 - • PUNTO DE ACCESO ADICIONAL DE MATERIA - TÉRMINO DE MATERIA
Término de materia o nombre geográfico como elemento inicial ORINA - ANALISIS
942 ## - ENTRADA DE ELEMENTOS AGREGADOS (KOHA)
Fuente de clasificaión o esquema Dewey Decimal Classification
Koha [por defecto] tipo de item LIbro
Existencias
Perdido Fuente de clasificación o esquema Estado Físico No para préstamo Forma de adquisición Localización permanente Localización actual Fecha adquisición Serie de enumeración / cronolog&íacute;a Préstamos totales Signatura completa Código de barras Fecha última consulta Número de copia Fecha del precio de reemplazo Tipo de item de Koha
  Dewey Decimal Classification     Sala Especializada Tercer Piso Biblioteca Pública Germán Arciniegas - Villavicencio Biblioteca Pública Germán Arciniegas - Villavicencio 12/04/2015 Volumen. 1 | 11/jun/2009   616.07566 A733 00807 12/04/2015 Ej. 1 12/04/2015 LIbro









Instituto Departamental de Cultura del Meta - Red Departamental de Bibliotecas Públicas del Meta.